• 首页
  • 本馆介绍
  • 公告通知
  • 最新文献
  • 馆藏检索
  • 电子资源
  • 读者导购
  • 参考咨询
  • 我的图书馆
  • 登录
  • 详细信息显示
  • 放入我的书架
  • 预约/预借图书
  • 作者相关作品
  • 分类相关作品
  • 丛书相关作品
  • 出版社相关作品

书目信息

  • 表格格式
  • 工作单格式
  • 卡片格式
题名:
技术经济学
    
 
作者: 王宏伟 , 齐庆祝 主编
分册:  
出版信息: 北京   经济科学出版社  2013
页数: 357页
开本: 24cm
丛书名:
单 册:
中图分类: F062.4
科图分类:
主题词: 技术经济学--高等学校--教材 , 技术经济学
电子资源:
ISBN: 978-7-5141-3849-8
000 01066nam0 2200277 450
001 523
005 20140908150947.67
010    @a978-7-5141-3849-8@dCNY40.00
100    @a20131210d2013 em y0chiy50 ea
101 0  @achi
102    @aCN@b110000
105    @ay z 000yy
106    @ar
200 1  @a技术经济学@AJi Shu Jing Ji Xue@dTechnological economics@f王宏伟,齐庆祝主编@FWang Hong Wei, Qi Qing Zhu Zhu Bian@zeng
210    @a北京@c经济科学出版社@d2013
215    @a357页@d24cm
300    @a高等院校管理学科规划教材——工商管理系列教材
330    @a本书介绍了技术经济分析的基本要素,从不同角度介绍衡量技术方案在经济上的可行性的方法,并将基本原理、方法应用到实际项目评价之中,最后介绍了价值工程、技术创新、可持续发展及项目后评价等理念。
510 1  @aTechnological economics@zeng
606 0  @a技术经济学@x高等学校@j教材
606 0  @a技术经济学
690    @aF062.4@v5
701  0 @a王宏伟@AWang Hong Wei@c(女,@f1971~)@4主编
701  0 @a齐庆祝@AQi Qing Zhu@f(1975~)@4主编
801  0 @aCN@bTANGWEI@c20140603
905    @b0839548-50@dF062.4@e123@f3
    
    技术经济学=Technological economics/王宏伟,齐庆祝主编.-北京:经济科学出版社,2013
    357页;24cm
    高等院校管理学科规划教材——工商管理系列教材
    
    ISBN 978-7-5141-3849-8:CNY40.00
    本书介绍了技术经济分析的基本要素,从不同角度介绍衡量技术方案在经济上的可行性的方法,并将基本原理、方法应用到实际项目评价之中,最后介绍了价值工程、技术创新、可持续发展及项目后评价等理念。
●
相关链接 在E读中查询图书 在五车中查询图书 在当当中查询图书 在豆瓣中查询图书


正题名:技术经济学     索取号:F062.4/123         预约/预借

序号 登录号 条形码 馆藏地/架位号 状态 备注
1 0839548   208395486   第一样本阅览室/ [索取号:F062.4/123] 在馆    
2 0839549   208395495   密集书库-海洋学院/ [索取号:F062.4/123] 在馆    
3 0839550   208395501   第一借阅区/ [索取号:F062.4/123] 在馆    
唐山师范学院图书馆 欢迎您!
大连网信软件有限公司© 版权所有